00891nam a2200289 i 450000100060000000300090000600500170001500800390003201500170007103500210008804000280010904100080013704600090014508000080015410000260016224500760018826000550026430000330031938000170035250400140036965800240038365000110040765000140041871000410043270000300047385600980050349763KOSZ 00520200827130327.0071022s1966 pl a f |000 0 pol aPB 1967/1646 a(OCoLC)749328636 aWA NcWA NdKOSZ 005/EG apol k1966 a5351 aAppel, Ludwik.eAutor10aMikroskop :bbudowa i użytkowanie /cHenryk Appel, Ryszard Kowalczyk. aWarszawa :bWydawnictwa Naukowo-Techniczne,c1966. a332, [1] s. :bil. ;c23 cm. aKsiążki. aBibliogr. aFizyka i astronomia 4aOptyka 4aMikroskop2 aWydawnictwa Naukowo-Techniczne4pbl.1 aKowalczyk, RyszardeAutor uhttp://koha.tu.koszalin.pl/cgi-bin/koha/opac-detail.pl?biblionumber=49763yKatalog online BPK